000 00351nam a22001337a 4500
005 20251108172944.0
008 250721s1962 xx 000 0 ara d
082 1 4 _aj/028.5/c
245 1 4 _athe young folks shelf of books /
264 1 _anew york :
_bthe crowell collier publishing،
_c1962.
300 _a373/ص
942 _2ddc
_cBK
999 _c92703
_d92703